| 000 | 00512nam a22001817a 4500 | ||
|---|---|---|---|
| 005 | 20240902120203.0 | ||
| 008 | 240831b |||||||| |||| 00| 0 eng d | ||
| 020 | _a978-1-138-09871-8 | ||
| 041 | _aeng | ||
| 082 | _a615.191 ROB | ||
| 100 |
_aROBINSON, JOSHEPH R. AND LEE, VINCENT H.L _98478 |
||
| 245 | _aCONTROLED DRUG DELIVERY FUNDAMENTALS AND APPLICATIONS [VOL-20] | ||
| 250 | _a2ND ED. | ||
| 260 |
_aNEW YORK _bCRC PRESS _c1987 |
||
| 300 | _a716;P | ||
| 650 |
_aPHARMACY _xM.PHARMA _98499 |
||
| 942 | _cBK | ||
| 999 |
_c8605 _d8603 |
||